000 00604nam a2200193Ia 4500
003 GCL
008 140319s9999 xx 000 0 ara d
040 _aGCL /
_cGCL
082 0 4 _a415.1
_bا ا
100 1 _aعبدالعزيز شرف
245 1 0 _aالازهرية فى قواعد اللغة العربية /
_cعبدالعزيز شرف
700 1 _aمحمد عبدالمنعم خاطر
700 1 _aمحمد السعدى فرهود
700 1 _aالازهرى، خالد
300 _a226 ص
490 _a100 قصة
_v0
650 0 4 _aاللغة العربية - النحو
942 _2ddc
_cBK
999 _c44177
_d44177